Thomas Jefferson's Cabinet - Statistics

General Stats
  • This quiz has been taken 16 times
  • The average score is 4 of 12
Answer Stats
Picture Hint Answer % Correct
Vice President Aaron Burr
100%
President Thomas Jefferson
100%
Secretary of State James Madison
88%
Vice President (2) George Clinton
38%
Secretary of the Treasury (2) Albert Gallatin
13%
Secretary of the Navy Benjamin Stoddert
13%
Attorney General (3) Caesar Augustus Rodney
13%
Secretary of War Henry Dearborn
13%
Attorney General (2) John Breckenridge
13%
Attorney General Levi Lincoln Sr.
13%
Secretary of the Navy (2) Robert Smith
13%
Secretary of the Treasury Samuel Dexter
13%
No matching quizzes found
Score Distribution
Percent of People with Each Score
Percentile by Number Answered
Your Score History
You have not taken this quiz